000 00870nam a2200229Ia 4500
001 10342
003 GE_BSU
008 181216s||||||||xx |||||||||||||| ||und||
040 _cGE_BSU
080 _a82-93:821.353.1-32
100 _aურჯუმელაშვილი, ვანო
245 _aარაბულა
245 _bმოთხრობები უფრ.სასკ.ასაკის ბავშვთ.
245 _cრედ.მ.ახვლედიანი.;მხატვ.ი.მეძმარიაშვილი.გ.გიგაური
260 _aთბილისი
260 _bნაკადული
260 _c1975
300 _a392გვ.20სმ.
653 _aარაბულა
653 _aმოთხრობები უფრ.სასკ.ასაკის ბავშვთ.
942 _cBK
999 _c43607
_d43607